00476nam a2200157Ia 450000500170000000800410001708200130005810000100007124500280008126000480010930000120015750000330016994200060020295200950020899900150030320250626020835.0240331s9999 xx 000 0 und d bROYa360 aRoy,A 0aParikalpanaye awasanaya aColombobSocial Scientist Associationc1999 a33 p ., aA book on End of Imagination cL 001040708LaWERCLbWERCLcSSCd2024-03-31l0o 360 ROYp4862r2024-03-31w2024-03-31yL c5090d5090